Statistiken für KFZ-Kennzeichen Sachsen-Anhalt ALLE

Klicken Sie hier um das Quiz zu spielen!

Allgemein

  • Dieses Quiz wurde 100 mal gespielt
    (42 seit der letzten Aktualisierung)
  • Das Durchschnittsergebnis liegt bei 39 aus 52

Antwortstatistiken

AbkürzungStadt oder Landkreis% Korrekt
HALHalle (Saale)
100%
MDMagdeburg
100%
QLBQuedlinburg
100%
BRGBurg (bei Magdeburg)
96%
ASLAschersleben
92%
DEDessau-Roßlau
92%
KÖTKöthen (Anhalt)
92%
MERMerseburg
92%
ZZZeitz
92%
BTFBitterfeld-Wolfen
88%
HBSHalberstadt
88%
Landkreis Börde
88%
JLJerichower Land
85%
HZLandkreis Harz
85%
QFTQuerfurt
85%
SDLStendal
85%
ABILandkreis Anhalt-Bitterfeld
81%
EILLutherstadt Eisleben
81%
SLKSalzlandkreis
81%
ZEZerbst/Anhalt
81%
BKBördekreis
77%
HDLHaldensleben
77%
WBLutherstadt Wittenberg
77%
NMBNaumburg (Saale)
77%
OCOschersleben (Bode)
77%
BBGBernburg (Saale)
73%
KLZKlötze
73%
AZELandkreis Anhalt-Zerbst
73%
SAWSalzwedel
73%
WRWernigerode
73%
BLKBurgenlandkreis
69%
HETHettstedt
69%
JEJessen (Elster)
69%
MSHLandkreis Mansfeld-Südharz
69%
SGHSangerhausen
69%
WSFWeißenfels
69%
GAGardelegen
65%
GNTGenthin
65%
GHCGräfenhainichen
65%
MQLandkreis Merseburg-Querfurt
65%
NEBNebra/Unstrut
65%
RSLRoßlau (Elbe)
65%
SKSaalekreis
65%
MLMansfelder Land
62%
WZLWanzleben-Börde
62%
HVHavelberg
58%
OBGOsterburg (Altmark)
58%
SBKSchönebeck (Elbe)
58%
SFTStaßfurt
58%
HHMHohenmölsen
50%
OKOhrekreis
50%
WMSWolmirstedt
50%

Verteilung der Resultate

Perzentil nach korrekt beantworteten Fragen

Anzahl Personen mit jedem Resultat

Ihre Resultats-Entwicklung

Sie haben dieses Quiz seit der letzten Aktualisierung nicht gespielt